| 000 | 00576 a2200205 4500 | ||
|---|---|---|---|
| 001 | sjds | ||
| 003 | sjds | ||
| 005 | 20240506182130.0 | ||
| 008 | 240506b |||||||| |||| 00| 0 spa d | ||
| 020 | _aNone (hard) | ||
| 040 | _csjds | ||
| 041 | _aspa | ||
| 100 | _aFuertes, Gloria | ||
| 245 |
_aAurora, brigida y carlos / _c textos de Gloria Fuertes ; dibujos de Jan Pienkowski. |
||
| 260 |
_aBarcelona : _bLumen, _c1998. |
||
| 300 |
_a[48] p. : _b il. color ; _c24 x 24 cm |
||
| 500 | _aPossible ISBN - 8426437281 9788426437280 | ||
| 700 | _aPienkowski, Jan | ||
| 942 | _cBK | ||
| 999 |
_c21621 _d21621 |
||